Андерсенови приказки (Запис номер 400469)
[ съкратено ]
| 000 -Лидер | |
|---|---|
| Контролно поле с фиксирана дължина | 01892nam a2200361 a 4500 |
| 003 - Код на организацията, давaща контролен номер | |
| Контролно поле | BLK |
| 005 - Дата и час на последна редакция | |
| Контролно поле | 20250729161843.0 |
| 008 - Елементи от данни с фиксирана дължина | |
| fixed length control field | 210310b bu ||||| |||| 00| 0 bu d |
| 020 ## - Международен стандартен номер на книга ISBN | |
| Международен стандартен номер на книга ISBN | 9789540914886 |
| 040 ## - Източник на каталожния запис | |
| Идентификатор на билиотеката - собственик на записа | BLK |
| 041 ## - Код за език | |
| Код за езика на текст/звукозапис или на отделно заглавие | Български |
| Код за езика КДБФ | Български |
| 080 ## - УДК | |
| Текстов определител УДК | Датска литература |
| УДК код - определител по УДК | 821.113.4 |
| УДК определител | -93-34 |
| УДК - код + определител | 821.113.4-93-34 |
| 100 ## - Редна дума - Автор | |
| Автор | Андерсен, Ханс Кристиан |
| Дати, свързани с автора | 1805 - 1875 |
| R(LIN) | 363318 |
| 139 ## - Редно поле | |
| Редна дума | Андерсен, Ханс Кристиан |
| Авторски знак | Анд - А 65 |
| 245 10 - Сведения за заглавието | |
| Заглавие | Андерсенови приказки |
| Редно поле (дума) | Ханс Кристиан Андерсен; прев. от рус. Светослав Константинов Минков; ил. Любен Христов Зидаров. |
| 250 ## - Област на изданието | |
| Сведения за изданието | 6 изд. |
| 257 ## - Страна на издаване | |
| Страна на създаване/издаване | Дания |
| 260 ## - Област на издателските данни | |
| Година на издаване | 2021 |
| 9 (RLIN) | 209473 |
| Място на издаване, разпространение и проч. | София |
| Име на издателя, разпространителя и проч. | Захарий Стоянов |
| Издателство - префикс ISBN | 978-954-739- ; 978-954-09- ; 954-9559- |
| 300 ## - Физическа характеристика | |
| Страници | 160 с. |
| Илюстрации и др. | с цв. ил. |
| Размери/Мащаб | 24 см |
| 380 ## - Жанр | |
| Жанр | Детска худож. лит. |
| 500 ## - Общи забележки | |
| Забележка | Шестият Андерсен / Любен Зидаров: с. 147-150<br/>Аристократичната ирония на Любен Зидаров / Иван Гранитски: с. 152-158<br/>Иван Гранитски - псевд. на авт. на доп. материал Иван Йорданов Димитров |
| 653 ## - Ключова дума – ненормативна | |
| Ключова дума | приказки |
| 653 ## - Ключова дума – ненормативна | |
| Ключова дума | литература за деца |
| 653 ## - Ключова дума – ненормативна | |
| Ключова дума | детска литература |
| 700 1# - Други автори (авторска отговорност) | |
| Лично име | Минков, Светослав Константинов |
| Автороска отговорност (Описва отношението между автора и произведението) | прев. от рус. |
| 9 (RLIN) | 363833 |
| 700 ## - Други автори (авторска отговорност) | |
| Лично име | Зидаров, Любен Христов |
| Автороска отговорност (Описва отношението между автора и произведението) | ил. |
| 9 (RLIN) | 365107 |
| 760 1# - Описание на основната серия | |
| Редна дума на основното описание | Андерсен, Ханс Кристиан |
| Издание | Ново изд. |
| Място на издаване, издател и година | Захарий Стоянов, 2006 |
| Страници - том | 80 с. : с цв. ил. |
| Заглавие | Т. 1 |
| 852 ## - Местоположение | |
| Форматна сигнатура | Цб 307057 |
| Фондова буква | Хранилище |
| 856 4# - Електронен адрес и достъп | |
| Електронен формат | pdf - файл |
| 856 4# - Електронен адрес и достъп | |
| Електронен формат | pdf - файл |
| 999 ## - СИСТЕМНИ КОНТРОЛНИ НОМЕРА | |
| Koha biblionumber | 400469 |
| Koha biblioitemnumber | 400469 |
| 942 ## - АРТИКУЛИ | |
| Вид на библиотечния материал | Книги |
| Скрит в OPAC | Не |
| Периодичен библиозапис | Да |
| Koha issues (borrowed), all copies | 31 |
| 944 ## - СЪЗДАВАНЕ И РЕДАКЦИЯ на ЗАПИСА | |
| Създаване/Редакция | Създаване |
| Дата на регистрацията/редакция | 2021-03-10 |
| Статус, дата на статуса | Бояна Костадинова |
| Служител, извършил регистрацията/редакцията | 30551 |
| Код за отписване | Код за изгубен артикул | Източник на класификационната схема | Код за повреда | Коз за рестрикции | Код за отдаване | Артикулен № | Име на библиотеката - собственик | Име на библиотеката, в която се намира в момента | Статус (Текущо местоположение) | Дата на вписване в системата | Местоположение - отдел | Цена в лева | Систематично азбучна сигнатура | Баркод | Цена в евро | Служебен тип на артикула |
|---|---|---|---|---|---|---|---|---|---|---|---|---|---|---|---|---|
| Не е изгубен | Universal Decimal Classification | Не е повреден | само за читалня | ползва се в читалня | 815839 | Регионална библиотека "Любен Каравелов" Русе | Регионална библиотека "Любен Каравелов" Русе | Хранилище | 2021-03-10 | Хранилище | 30.00 | Цб 307057 | 120000853114 | 15.34 | Книги | |
| Не е изгубен | Universal Decimal Classification | Не е повреден | без рестрикции | заемане за дома | 859696 | Регионална библиотека "Любен Каравелов" Русе | Регионална библиотека "Любен Каравелов" Русе | Детски отдел | 2021-11-02 | Детски отдел | 21.00 | 821-93/А 65 Х | 120000861710 | 10.74 | Книги | |
| Не е изгубен | Universal Decimal Classification | Не е повреден | без рестрикции | заемане за дома | 859697 | Регионална библиотека "Любен Каравелов" Русе | Регионална библиотека "Любен Каравелов" Русе | Детски отдел | 2021-11-02 | Детски отдел | 21.00 | 821-93/А 65 Х | 120000861709 | 10.74 | Книги | |
| Не е изгубен | Universal Decimal Classification | Не е повреден | без рестрикции | заемане за дома | 859698 | Регионална библиотека "Любен Каравелов" Русе | Регионална библиотека "Любен Каравелов" Русе | Детски отдел | 2021-11-02 | Детски отдел | 21.00 | 821-93/А 65 Х | 120000861708 | 10.74 | Книги |